000 01170cam a2200337 i 4500
005 20260322212037.0
008 data
010 _a 2013022026
020 _a9780892969746 (hardcover)
020 _z9781609418267 (audiobook)
020 _z9781478924593 (audio download)
040 _aDLC
_beng
_cDLC
_erda
_dDLC
042 _apcc
050 0 0 _aBV4501.3
_b.O85 2013
082 0 0 _a248.4
_223
092 _a248.4 Ost 2013
100 1 _aOsteen, Joel.
245 1 0 _aBreak out! :
_b5 keys to go beyond your barriers and live an extraordinary life /
_cJoel Osteen.
250 _aFirst Edition.
260 _c2013
264 1 _aNew York :
_bFaith Words,
_c2013.
300 _avii, 244 pages ;
_c24 cm
336 _atext
_2rdacontent
337 _aunmediated
_2rdamedia
338 _avolume
_2rdacarrier
650 0 _aChristian life.
906 _a7
_bcbc
_corignew
_d1
_eecip
_f20
_gy-gencatlg
925 0 _aacquire
_b2 shelf copies
_xpolicy default
955 _drc06 2013-06-27 to Dewey (telework)
_wxl04 2013-07-01
_fxk02 2013-11-05, c. 1 to CALM
_txk06 2014-05-22 copy 2-3 to CALM
001 data
999 _c867
_d867